Southville International School and Colleges
Your cart is empty.
  • Cart
  • Lists
    Public lists Eva Luna New books Lux_list list_1
    Your lists Log in to create your own lists
  • Log in to your account
  • Your cookies
  • Search history
Southville International School and Colleges
  • Advanced search
  • Recent comments
  • Most popular
  • Libraries

Log in to your account

Log in with GOOGLE


If you do not have an external account, but do have a local account, you can still log in:

  1. Home
  2. MARC view: Good to great /
Normal view MARC view ISBD view

Good to great / (Record no. 22503)

[ view plain ]
MARC details
000 -LEADER
fixed length control field 00633nam a2200229 a 4500
005 - DATE AND TIME OF LATEST TRANSACTION
control field 20140310183411.0
008 - FIXED-LENGTH DATA ELEMENTS--GENERAL INFORMATION
fixed length control field 070702s19uu xx 00 eng d
020 ## - INTERNATIONAL STANDARD BOOK NUMBER
International Standard Book Number 9780066620992
050 ## - LIBRARY OF CONGRESS CALL NUMBER
Classification number HD 57.7
Item number .C645 2001
100 ## - MAIN ENTRY--PERSONAL NAME
Personal name Collins, Jim
245 ## - TITLE STATEMENT
Title Good to great /
Statement of responsibility, etc Jim Collins
260 ## - PUBLICATION, DISTRIBUTION, ETC. (IMPRINT)
Place of publication, distribution, etc U.S.A :
Name of publisher, distributor, etc Harper and Collins Publishers,
Date of publication, distribution, etc 2001.
300 ## - PHYSICAL DESCRIPTION
Extent 300 p. :
Other physical details ill. ;
Dimensions 23 cm.
521 ## - TARGET AUDIENCE NOTE
Target audience note
650 ## - SUBJECT ADDED ENTRY--TOPICAL TERM
Topical term or geographic name as entry element Leadership.
650 ## - SUBJECT ADDED ENTRY--TOPICAL TERM
Topical term or geographic name as entry element Strategic planning.
650 ## - SUBJECT ADDED ENTRY--TOPICAL TERM
Topical term or geographic name as entry element Organizational change.
650 ## - SUBJECT ADDED ENTRY--TOPICAL TERM
Topical term or geographic name as entry element Technological innovations
General subdivision Management.
942 ## - ADDED ENTRY ELEMENTS (KOHA)
Koha item type Books
Source of classification or shelving scheme Library of Congress Classification
Call number prefix Foreign
Holdings
Withdrawn status Lost status Source of classification or shelving scheme Damaged status Home library Current library Shelving location Date acquired Source of acquisition Cost, normal purchase price Total Checkouts Total Renewals Full call number Barcode Date last seen Date checked out Copy number Price effective from Koha item type
    Library of Congress Classification   College Library College Library General Circulation Section 07/02/2007   969.00 1 3 HD 57.7 .C645 2001 C8473 08/20/2018 07/28/2018 1 10/18/2013 Books
    Library of Congress Classification   College Library College Library General Circulation Section 12/09/2013         HD 57.7 .C645 2001 C8472 05/15/2018   2 12/09/2013 Books

Good to great /

APA

Collins J., . (2001). Good to great. U.S.A: Harper and Collins Publishers.

Chicago

Collins Jim, . 2001. Good to great. U.S.A: Harper and Collins Publishers.

Harvard

Collins J., . (2001). Good to great. U.S.A: Harper and Collins Publishers.

MLA

Collins Jim, . Good to great. U.S.A: Harper and Collins Publishers. 2001.

  • Place hold
  • Print
  • Cite
  • Add to your cart (remove)
  • Save record
    BIBTEX Dublin Core MARCXML MARC (non-Unicode/MARC-8) MARC (Unicode/UTF-8) MARC (Unicode/UTF-8, Standard) MODS (XML) RIS
  • More searches
    Search for this title in:
    Other Libraries (WorldCat) Other Databases (Google Scholar) Online Stores (Bookfinder.com) Open Library (openlibrary.org)

Exporting to Dublin Core...

SOUTHVILLE LIBRARY

Southville International School and Colleges Library

1281 Tropical Ave. Cor. Luxembourg St., BF Homes International, Las Pinas City

Tel. No. 8256374 / 252358 Loc. 117/146

Powered by Koha